|
|
|
|
| LEADER |
008290000a22002650004500 |
| 082 |
|
|
|a 307.141 209 54 M7
|
| 100 |
|
|
|a Brahmananda, P R; Ed
|
| 100 |
|
|
|a Kalappa, A; Ed
|
| 100 |
|
|
|a Narayan, B K; Ed
|
| 245 |
|
|
|a Dimensions of rural development in India
|
| 260 |
|
|
|a Bombay, Himalaya Publishing House
|
| 260 |
|
|
|c 1987
|
| 460 |
|
|
|a xxxvi,364
|
| 500 |
|
|
|a ed.by P R Brahmananda, B K Narayan and A Kalappa
|
| 500 |
|
|
|a Includes index
|
| 650 |
|
|
|a Banks and banking
|
| 650 |
|
|
|a Economic aspects
|
| 650 |
|
|
|a India
|
| 650 |
|
|
|a Land reform
|
| 650 |
|
|
|a Rural development
|
| 650 |
|
|
|a Rural development
|
| 650 |
|
|
|a Sociological aspects
|
| 942 |
|
|
|c BK
|
| 999 |
|
|
|c 5762
|d 5762
|
| 952 |
|
|
|0 0
|1 0
|4 0
|6 307_141000000000000_209_54_M7
|7 0
|8 ENG
|9 5554
|a MGUL
|b MGUL
|d 2013-07-16
|l 0
|o 307.141 209 54 M7
|p 04707
|r 2013-07-16
|w 2013-07-16
|y BK
|